Diccionario de economía y administración (Registro nro. 369)

Detalles MARC
000 -LEADER
fixed length control field 00712 a2200205 4500
001 - CONTROL NUMBER
control field 3835
005 - DATE AND TIME OF LATEST TRANSACTION
control field 20260407155430.0
008 - FIXED-LENGTH DATA ELEMENTS--GENERAL INFORMATION
fixed length control field 260407a1992 arg spa d
003 - CONTROL NUMBER IDENTIFIER
control field AR-UNSa-BCEJYS
040 ## - CATALOGING SOURCE
Original cataloging agency AR-UNSa-BCEJYS
Language of cataloging spa
Transcribing agency AR-UNSa-BCEJYS
080 ## - UNIVERSAL DECIMAL CLASSIFICATION NUMBER
Universal Decimal Classification number (038)33
Common auxiliary subdivision Diccionario de Economía
020 ## - INTERNATIONAL STANDARD BOOK NUMBER
International Standard Book Number 84-7615-791-6
100 1# - MAIN ENTRY--PERSONAL NAME
Personal name Suarez Suarez, Andrés Santiago
245 10 - TITLE STATEMENT
Title Diccionario de economía y administración
264 #1 - PRODUCTION, PUBLICATION, DISTRIBUTION, MANUFACTURE, AND COPYRIGHT NOTICE
Place of production, publication, distribution, manufacture Madrid :
Name of producer, publisher, distributor, manufacturer McGraw-Hill
Date of production, publication, distribution, manufacture, or copyright notice 1992
300 ## - PHYSICAL DESCRIPTION
Extent viii, 383 p.
Dimensions 25 cm.
590 ## - LOCAL NOTE (RLIN)
Local note niveau_biblio:m niveau_hierar:0
856 41 - ELECTRONIC LOCATION AND ACCESS
Uniform Resource Identifier <a href="https://t2.gstatic.com/images?q=tbn:ANd9GcS2HYQn9OWvxTe1c-6GPE0DeA7WTKtfwBURYU8SVVN6sWQT01F-wD4u5Uc2">https://t2.gstatic.com/images?q=tbn:ANd9GcS2HYQn9OWvxTe1c-6GPE0DeA7WTKtfwBURYU8SVVN6sWQT01F-wD4u5Uc2</a>
Link text Imagen de portada
Electronic format type image/jpeg
942 ## - ADDED ENTRY ELEMENTS (KOHA)
Koha item type
Existencias
Withdrawn status Lost status Damaged status Not for loan Home library Current library Shelving location Date acquired Total checkouts Full call number Barcode Date last seen Price effective from Koha item type
        Biblioteca Prof. Eusebio Cleto del Rey Biblioteca Prof. Eusebio Cleto del Rey   07/04/2026   R(038)33 S939 L58748 07/04/2026 07/04/2026 Libro